000
00342nam a2200133Ia 4500
008
240624s9999 xx 000 0 und d
041
_a
eng
082
_a
658.40355 HAN
100
_a
HANKE JOHN E
245
_a
BUSINESS FORECASTING
250
_a
(7th ed.)
260
_c
2003
_a
New Delhi
_b
Pearson Education
300
_a
xiv, : 498 : p. : cm. ; 25
999
_c
1688
_d
1688